Kế toán chi phí : Tóm tắt lý thuyết; bài tập; bài giải

Nội dung sách giới thiệu bài tập và lý thuyết của từng chương, bài tập trắc nghiệm, bài giải của các bài tạp về kế toán chi phí.

Na minha lista:
Detalhes bibliográficos
Autor principal: Bùi, Văn Trường
Formato: Livro
Idioma:Undetermined
Publicado em: Hà Nội Lao động Xã hội 2008
Assuntos:
Tags: Adicionar Tag
Sem tags, seja o primeiro a adicionar uma tag!
Thư viện lưu trữ: Trung tâm Học liệu Trường Đại học Cần Thơ
LEADER 00871nam a2200205Ia 4500
001 CTU_150471
008 210402s9999 xx 000 0 und d
020 |c 45500 
082 |a 657.42 
082 |b Tr561 
100 |a Bùi, Văn Trường 
245 0 |a Kế toán chi phí : 
245 0 |b Tóm tắt lý thuyết; bài tập; bài giải 
245 0 |c Bùi Văn Trường 
260 |a Hà Nội 
260 |b Lao động Xã hội 
260 |c 2008 
520 |a Nội dung sách giới thiệu bài tập và lý thuyết của từng chương, bài tập trắc nghiệm, bài giải của các bài tạp về kế toán chi phí. 
650 |a Cost accounting,Managerial accounting,Chi phí kế toán,Quản trị kế toán 
980 |a Trung tâm Học liệu Trường Đại học Cần Thơ